Deutsche Fußballer beim AC Mailand - Statistiken

Allgemein
  • Dieses Quiz wurde 150 mal gespielt
  • Das Durchschnittsergebnis liegt bei 2 aus 5
Antwortstatistiken
Zeitraum Spiele (Tore) Spieler % Korrekt
2022-2025 63 (0) Malick Thiaw
85%
1998-2001 119 (44) Oliver Bierhoff
62%
1998-1999 6 (0) Jens Lehmann
31%
1997-1999 47 (4) Christian Ziege
25%
1965-1974 329 (3) Karl-Heinz Schnellinger
25%
Keine übereinstimmenden Quizze gefunden
Verteilung der Resultate
Anzahl Personen mit jedem Resultat
Perzentil nach korrekt beantworteten Fragen
Ihre Resultats-Entwicklung
Sie haben dieses Quiz noch nicht gespielt